Kenya : (Record no. 96)

MARC details
000 -LEADER
fixed length control field 01175cam a2200325 a 4500
001 - CONTROL NUMBER
control field 15220743
003 - CONTROL NUMBER IDENTIFIER
control field OSt
005 - DATE AND TIME OF LATEST TRANSACTION
control field 20230602112646.0
008 - FIXED-LENGTH DATA ELEMENTS--GENERAL INFORMATION
fixed length control field 080314s2008 nyuab 000 0 eng
015 ## - NATIONAL BIBLIOGRAPHY NUMBER
National bibliography number GBA888063
Source bnb
016 7# - NATIONAL BIBLIOGRAPHIC AGENCY CONTROL NUMBER
Record control number 014668405
Source Uk
020 ## - INTERNATIONAL STANDARD BOOK NUMBER
International Standard Book Number 9780393067774 (hardcover)
020 ## - INTERNATIONAL STANDARD BOOK NUMBER
International Standard Book Number 0393067777 (hardcover)
035 ## - SYSTEM CONTROL NUMBER
System control number (OCoLC)213765656
035 ## - SYSTEM CONTROL NUMBER
System control number (OCoLC)ocn213765656
040 ## - CATALOGING SOURCE
Original cataloging agency DLC
Transcribing agency DLC
Modifying agency BAKER
-- BTCTA
-- UKM
-- YDXCP
-- C#P
-- BWX
-- CDX
-- DLC
043 ## - GEOGRAPHIC AREA CODE
Geographic area code f-ke---
082 00 - DEWEY DECIMAL CLASSIFICATION NUMBER
Classification number 967.62
Item number PAV
100 1# - MAIN ENTRY--PERSONAL NAME
Personal name Pavitt, Nigel.
245 10 - TITLE STATEMENT
Title Kenya :
Remainder of title a country in the making, 1880-1940 /
Statement of responsibility, etc. Nigel Pavitt.
250 ## - EDITION STATEMENT
Edition statement 1st ed.
260 ## - PUBLICATION, DISTRIBUTION, ETC. (IMPRINT)
Place of publication, distribution, etc. New York :
Name of publisher, distributor, etc. W.W. Norton & Co.,
Date of publication, distribution, etc. c2008.
300 ## - PHYSICAL DESCRIPTION
Extent xii, 303 p. :
Other physical details ill., map ;
Dimensions 26 x 34 cm.
651 #0 - SUBJECT ADDED ENTRY--GEOGRAPHIC NAME
Geographic name Kenya
General subdivision History
Form subdivision Pictorial works.
651 #0 - SUBJECT ADDED ENTRY--GEOGRAPHIC NAME
Geographic name Kenya
General subdivision Social life and customs
Form subdivision Pictorial works.
856 41 - ELECTRONIC LOCATION AND ACCESS
Materials specified Table of contents only
Uniform Resource Identifier <a href="http://www.loc.gov/catdir/toc/ecip0813/2008010789.html">http://www.loc.gov/catdir/toc/ecip0813/2008010789.html</a>
906 ## - LOCAL DATA ELEMENT F, LDF (RLIN)
a 7
b cbc
c orignew
d 1
e ecip
f 20
g y-gencatlg
942 ## - ADDED ENTRY ELEMENTS (KOHA)
Source of classification or shelving scheme Dewey Decimal Classification
Koha item type Books
Holdings
Withdrawn status Lost status Source of classification or shelving scheme Damaged status Not for loan Home library Current library Date acquired Total Checkouts Full call number Barcode Date last seen Price effective from Koha item type
    Dewey Decimal Classification     Bunge Tower Library Bunge Tower Library 06/02/2023   967.62 PAV 10015781 06/02/2023 06/02/2023 Books
LIBRARY OPENING HOURS

When the Parliament is sitting: 8.00a.m - 7.00p.m or until the house adjourns
Mondays and Fridays and when the House is on Recess:  8.00a.m - 5.00p.m
Closed on Weekends and Public Holidays

Online Public Access Catalog (OPAC)
Website: http://www.parliament.go.ke
Bunge Library: https://libraryir.parliament.go.ke
Contact: library@parliament.go.ke | Tel no: (254-2)2221291 or 2848000 Ext 5043